000 01407cam a2200373 a 4500
001 14757051
003 BJBSDDR
005 20260331123624.0
007 ta
008 070305s2006 sp ab b 000 0 spa
010 _a 2007365766
020 _a8474764165
040 _aDLC
_cDLC
_dDLC
_bspa
041 _aspa
043 _ae-sp---
050 1 4 _aJN 8371
_bE38 2006
082 0 0 _a324.946
_222
245 0 0 _aElecciones y comportamiento electoral en la España multinivel /
_cedición a cargo de Joaquim Molins, Pablo Oñate ; [Caciagli, Mario ... et al.].
250 _aprimera edición
260 _aMadrid :
_bCentro de Investigaciones Sociológicas,
_c2006.
300 _a261 páginas :
_bill., maps ;
_c24 cm.
440 0 _aColección Academia
_942005
500 _aErrata sheet inserted.
504 _aIncluye referencias bibliográficas.
650 0 _aElections
_zSpain.
650 4 _aElecciones
_zEspaña
_9531
700 1 _aMolins, Joaquín
_q(Joaquín María)
_942023
_eEditor
700 1 _aOñate, Pablo
_942024
_eEditor
700 1 _aCaciagli, Mario,
_d1938-2024
_eEditor
_940795
856 4 2 _3Publisher description
_uhttp://www.loc.gov/catdir/enhancements/fy1204/2007365766-d.html
906 _a7
_bcbc
_corigres
_d2
_encip
_f20
_gy-gencatlg
942 _2lcc
_n0
_cBK
999 _c123436
_d123436